| 000 | 00423nam a2200169Ia 4500 | ||
|---|---|---|---|
| 003 | GCL | ||
| 008 | 140319s9999 xx 000 0 eng d | ||
| 040 |
_aGCL / _cGCL |
||
| 082 | 0 | 4 |
_aREF _b912 _bT C |
| 100 | 1 | _aTIRION, WIL | |
| 245 | 1 | 0 |
_aCAMBRIDGE STAR ATLAS 2000 - 0 / _cTIRION, WIL |
| 260 |
_a[S.N] : _bCAMBRIDGE UNIVERSITY PRESS ، _c1991 |
||
| 300 | _a74 | ||
| 650 | 0 | 4 | _aMAPS |
| 650 | 0 | 4 | _aATLASES |
| 942 |
_2ddc _cBK |
||
| 999 |
_c10759 _d10759 |
||